Horae diurnae breviarii romani, ex decreto sacros. Concilii Tridentini restituti, Pii V. Pontificis maximi jussu editi,...

Detalles Bibliográficos
Formato: Libro
Publicado: París 1833
Materias:
Colección:Banco de datos
Acervo:Biblioteca del Ex Convento de Nuestra Señora de Guadalupe. Zacatecas
Tema general:Liturgia
Notas:Buena. XXII, 3, 27 (s/n). Ex libris del P. Zubía.
LEADER 00715nam a22001810004500
035 |a 48658 
036 |a 9842 
245 1 0 |a Horae diurnae breviarii romani, ex decreto sacros. Concilii Tridentini restituti, Pii V. Pontificis maximi jussu editi,... 
260 |a París  |b imp. Rosa  |c 1833 
500 |a Buena. XXII, 3, 27 (s/n). Ex libris del P. Zubía. 
650 1 0 |a Liturgia 
949 |a CRZ-CG 
959 |a Ex convento de Nuestra Señora de Guadalupe, Museo Regional de Zacatecas, Zacatecas  |b CCC4 
960 |a Convento de Nuestra Señora de Guadalupe, Zacatecas  |b DD87 
961 |a Franciscana  |b OF 
942 |c CRZ-CG 
943 |g Biblioteca del Ex Convento de Nuestra Señora de Guadalupe. Zacatecas 
999 |c 972785  |d 972785